000 00261cam a2200109ua 4500
082 _a821
_bPEA/EN
100 _aPeacock, W .
_91825
245 0 0 _aEnglish Verse, vol - 4 /
260 _aLondon :
_bOxford University Press ,
_c1964.
300 _a606 ; .
942 _cBK
999 _c889
_d889